Statistics for Least Populous Border By Country

Click here to take the quiz!

General Stats

  • This quiz has been taken 19 times
    (13 since last reset)
  • The average score is 20 of 25

Answer Stats

CountryBorder% Correct
IndiaBhutan
100%
FranceMonaco
100%
South AfricaEswatini
92%
EgyptLibya
92%
PolandLithuania
92%
BrazilSuriname
92%
ArgentinaUruguay
92%
TurkeyArmenia
85%
LuxembourgBelgium
85%
MalaysiaBrunei
85%
HondurasEl Salvador
85%
RussiaEstonia
85%
ThailandLaos
85%
SerbiaMontenegro
85%
ColombiaPanama
85%
KazakhstanTurkmenistan
85%
PakistanAfghanistan
77%
ChileBolivia
77%
TurkmenistanKazakhstan
77%
BelarusLatvia
77%
UkraineMoldova
77%
NigeriaBenin
69%
SlovakiaAustria
62%
AlgeriaMauritania
62%
HungarySlovenia
46%

Score Distribution

Percentile by Number Answered

Percent of People with Each Score

Your Score History

You have not taken this quiz since the last reset